| 000 | 01156cam a22003018a 4500 | ||
|---|---|---|---|
| 001 | 15635266 | ||
| 005 | 20100218081918.0 | ||
| 008 | 090223s2009 mau 001 0 eng | ||
| 010 | _a 2009008074 | ||
| 020 | _a9780321610454 | ||
| 020 | _a0321610458 | ||
| 040 |
_aDLC _cDLC |
||
| 050 | 0 | 0 |
_aQA76.6 _b.G3148 2009 |
| 082 | 0 | 0 |
_a005.1 _222 _bGAD |
| 100 | 1 |
_aGaddis, Tony. _912478 |
|
| 245 | 1 | 0 |
_aStarting out with games & graphics / _cTony Gaddis. |
| 260 |
_aBoston : _bAddison Wesley, _cc.2010. |
||
| 263 | _a0902 | ||
| 300 |
_a719p: _bill; _c20 cm. _e1 CD-Rom (3/4 in.) |
||
| 500 | _aIncludes index. | ||
| 650 | 0 |
_aComputer programming. _912479 |
|
| 650 | 0 |
_aComputer games _xProgramming. _912480 |
|
| 650 | 0 |
_aComputer graphics. _912481 |
|
| 942 |
_2ddc _cBB |
||
| 999 |
_c13633 _d13633 |
||